00588nam a2200181Ia 4500001000700000003000500007008004100012010001100053040000900064100002400073245009000097260004400187300001000231502008700241650002400328650003100352650002300383Z_1378CHAP220113s1978 xx 000 0 und d a164467 cCHAP aFuchser, David Dale aAmmonium lignin sulfonate treated corn silage for ruminants /cby David Dale Fuchser aLincoln, Nebraska :bThe author,c1978 a70 h. aThesis (Master of Science) -- University of Nebraska. Department of Animal Science aMaíz como forraje aRumiantesxAlimentación  aSulfato de Amonio